| 000 | 00495nam a2200193Ia 4500 | ||
|---|---|---|---|
| 005 | 20230609121916.0 | ||
| 008 | 131103s9999 xx 000 0 und d | ||
| 040 | _aLoreto College | ||
| 041 | _aEnglish | ||
| 082 |
_a808.2 _bCLA |
||
| 100 | _aClarke,R.F | ||
| 245 | 4 |
_aThe growth and nature of drama _cR.F Clarke |
|
| 260 |
_aLondon _bThe Syndics Of The Cambridge University Press _c1965 |
||
| 300 | _a70p | ||
| 650 | _aDrama | ||
| 651 | _aDrama-History | ||
| 850 | _aLCLIB | ||
| 942 | _cBK | ||
| 999 |
_c36742 _d87221 |
||